000
00336nam a2200133Ia 4500
008
240624s9999 xx 000 0 und d
041
_a
eng
082
_a
346.07 MOS
100
_a
MOSHAL B S
245
_a
MODERN BUSINESS LAW
260
_c
2009
_a
New Delhi
_b
Ane Books Pvt. Ltd.
300
_a
xx, : 387 : p. : cm. ; 24
365
_c
RS
_b
32
999
_c
16196
_d
16196